000 00837nam a2200265 a 4500
001 62
003 (BD-RjUL)
005 20211208233114.0
008 131201s1955 nyuad 001 0 eng d
035 _a(BD-RjUL)67
040 _aDLC
_cBD-RjUL
_dBD-RjUL
_beng
041 _aeng
082 0 0 _a539.7
_221
_bGRN
100 1 _aGreen, Alex E. S.
_9192
245 1 _aNuclear physics /
_cAlex E. S. Green.
260 _aLondon :
_bLongmans,
_cc1955, c1963.
300 _axv , 535 p. :
_bill. ; S, graph. , Darst. 8° ;
_c22 cm.
490 1 _aInternational series in pure and applied physics
504 _aIncludes index.
650 0 _aNuclear physics.
_9193
856 4 _uhttp://www.worldcat.org/title/nuclear-physics/oclc/1130621&referer=brief_results
_3WorldCat details.
942 _2ddc
_cBK
999 _c62
_d62